000 00555nam a22001937a 4500
005 20251108164932.0
008 250721s1967 xx 000 0 ara d
082 1 4 _a964.02/لوت
100 1 _aلوتورنو، روجيه
245 1 0 _aفاس في عصر بني مرين /
264 1 _aبيروت :
_bمكتبة لبنان،
_c1967.
300 _a236ص
650 1 7 _aتاريخ المغرب
650 1 7 _aالتاريخ السياسي
650 1 7 _aفاس
700 1 _aزياده، نقولا
_eترجمة
942 _2ddc
_cBK
999 _c17831
_d17831